000 00537nam a2200181Ia 4500
008 090124s9999 xx 000 0 und d
082 _b106939
100 _aवकील व्यंकटेश.
245 _a दोन बिघे जमीन
250 _a1
260 _c1958
300 _a116
600 _aवकील व्यंकटेश.
630 _a दोन बिघे जमीन
700 _aवकील व्यंकटेश.
730 _a दोन बिघे जमीन
942 _cBOOK
999 _c153030
_d153030